000 00328nam a2200133Ia 4500
100 _aVan Vlack/ L.H.
942 _cBK
654 _aEngineering
245 _aElements of materials sciences and engineering
260 _bADDISON-WESLEY PUBLICATION CO.
_aReading
_c1975
082 _a620.112
300 _a496
546 _aENGLISH
999 _c26416
_d26416